000 00276nam a22001217a 4500
082 _a894.812.3
_bBAS/P
100 _aMUHAMMED BASHEER, VAIKKOM
245 _aPATHUMMAYUDE AADU
260 _aKOTTAYAM
_bBHASAM PUBLICATIONS
300 _a96
650 _aSTORY
_zKERALA
942 _cBK
999 _c1434
_d1434